000
00329nam a2200145Ia 4500
003
OSt
005
20240322105213.0
008
170523s9999 xx 000 0 und d
020
_a
9788120350342
040
_c
IIMTU MEERUT
100
_a
SRINIVASAN
245
0
_a
SERVICE MARKETING
260
_b
TATA MC GRAW HILL
942
_2
ddc
_c
02
999
_c
1826
_d
1826